000 01054nam a22003257a 4500
003 CHAP
005 20220329135855.0
008 971013s1987 r 00010 d
010 _a43624
011 _a44596
035 _a48734
040 _cCHAP
090 _aTesis
100 0 0 _aSahagún Castellanos, Luis.
_9101192
245 _aAnálisis de cinco técnicas de selección masal
260 _aChapingo, Méx. :
_bEl autor,
_c1987
300 _a76 h.
502 _aTesis (Ing. Agr. Esp. en Fitotecnia) -- UACH. Deparatamentode Fitotecnia
590 _aALEPH
_b10
_c20130110
_lUCH01
_h1312
590 _aBATCH-UPD
_b10
_c20130110
_lUCH01
_h2021
590 _aBATCH-UPD
_b10
_c20130410
_lUCH01
_h1338
590 _aBATCH-UPD
_b10
_c20130914
_lUCH01
_h1918
590 _aCONVERSION
_b10
_c20130109
_lUCH01
_h1324
650 1 4 _aPlantas
_xMejoramiento.
_988849
650 1 4 _aSelección masal.
_9103779
901 _aBK
942 _cFOLL
949 _bBC
_cTES
_d-110209
_eTS1
_h19194
_i48734
_si
949 _bBC
_cTES
_d33724000903324
_eTS2
_fc.2
_h19195
_i48734
_si
999 _c43624
_d43624